Risultati del Milan in UEFA Champions League 2009-2010 - Statistics

Statistiche generali
  • Questo quiz è stato fatto 13 volte
  • Il punteggio medio è 4 su 8
Statistiche sulle risposte
Hint Risposta % Corretto
Real Madrid - Milan 2-3
75%
Manchester United - Milan 4-0
75%
Milan - Manchester United 2-3
67%
Milan - Real Madrid 1-1
58%
Olympique Marsiglia - Milan 1-2
58%
Milan - Zurigo 0-1
42%
Milan - Olympique Marsiglia 1-1
33%
Zurigo - Milan 1-1
0%
Nessun quiz corrispondente trovato
Distribuzione punteggi
Percentuale di utenti per punteggio
Percentile per numero di risposta
I tuoi punteggi nel tempo
Non hai fatto questo quiz